00352pab a2200133 454500008004000000100001600040245005000056260000900106300001200115362001200127650002500139700002000164773003400184180718b1984 xxu||||| |||| 00| 0 eng d aGupta, S.P. aInflation and the role of administered prices c1984 a1579-83 a8 Sept. aPrice Policy - India aT.G. Srinivasan aEconomic and Political Weekly